[Event "European Chess Club Cup 2023"]
[Site "Durres, Albania"]
[Date "2023.10.05"]
[Round "5.77"]
[White "Kisic, Bozidar"]
[Black "Zlatkov, Anton"]
[Result "0-1"]
[TimeControl "90' + 30' & 30\""]
[WhiteElo "2211"]
[BlackElo "2198"]

1. d4 {[%clk 01:30:55]} {[%emt 00:00:04]} Nf6 {[%clk 01:30:56]} {[%emt
00:00:05]} 2. Nf3 {[%clk 01:31:19]} {[%emt 00:00:06]} e6 {[%clk 01:30:40]}
{[%emt 00:00:46]} 3. g3 {[%clk 01:29:47]} {[%emt 00:02:01]} b6 {[%clk
01:27:51]} {[%emt 00:03:20]} 4. Bg2 {[%clk 01:29:41]} {[%emt 00:00:36]} Bb7
{[%clk 01:28:15]} {[%emt 00:00:06]} 5. O-O {[%clk 01:29:51]} {[%emt 00:00:19]}
Be7 {[%clk 01:28:02]} {[%emt 00:00:44]} 6. a4 {[%clk 01:28:10]} {[%emt
00:02:11]} a5 {[%clk 01:26:37]} {[%emt 00:01:55]} 7. Nbd2 {[%clk 01:24:31]}
{[%emt 00:04:09]} O-O {[%clk 01:26:01]} {[%emt 00:01:01]} 8. Re1 {[%clk
01:23:46]} {[%emt 00:01:19]} d5 {[%clk 01:24:57]} {[%emt 00:01:34]} 9. b3
{[%clk 01:20:07]} {[%emt 00:04:09]} c5 {[%clk 01:17:29]} {[%emt 00:07:58]} 10.
dxc5 {[%clk 01:15:27]} {[%emt 00:05:11]} bxc5 {[%clk 01:14:16]} {[%emt
00:03:43]} 11. Bb2 {[%clk 01:13:16]} {[%emt 00:02:40]} Nc6 {[%clk 01:10:06]}
{[%emt 00:04:40]} 12. e3 {[%clk 01:04:51]} {[%emt 00:08:56]} Nb4 {[%clk
01:00:18]} {[%emt 00:10:18]} 13. Ne5 {[%clk 01:01:13]} {[%emt 00:04:07]} Qc7
{[%clk 00:58:11]} {[%emt 00:02:37]} 14. f4 {[%clk 00:40:21]} {[%emt 00:21:22]}
Rfd8 {[%clk 00:50:55]} {[%emt 00:07:47]} 15. c3 {[%clk 00:34:59]} {[%emt
00:05:52]} Nc6 {[%clk 00:48:05]} {[%emt 00:03:20]} 16. Nxc6 {[%clk 00:29:36]}
{[%emt 00:05:53]} Bxc6 {[%clk 00:48:18]} {[%emt 00:00:17]} 17. Qc2 {[%clk
00:29:32]} {[%emt 00:00:34]} Rab8 {[%clk 00:42:51]} {[%emt 00:05:58]} 18. Ba3
{[%clk 00:28:54]} {[%emt 00:01:07]} Rb6 {[%clk 00:28:07]} {[%emt 00:15:14]} 19.
Rab1 {[%clk 00:25:26]} {[%emt 00:03:59]} Rdb8 {[%clk 00:22:57]} {[%emt
00:05:39]} 20. c4 {[%clk 00:20:53]} {[%emt 00:05:02]} Qb7 {[%clk 00:10:08]}
{[%emt 00:13:20]} 21. cxd5 {[%clk 00:14:41]} {[%emt 00:06:42]} Bxd5 {[%clk
00:10:37]} {[%emt 00:00:01]} 22. Bxd5 {[%clk 00:08:33]} {[%emt 00:06:38]} exd5
{[%clk 00:11:06]} 23. Qf5 {[%clk 00:06:29]} {[%emt 00:02:34]} Re6 {[%clk
00:08:49]} {[%emt 00:02:46]} 24. Bb2 {[%clk 00:05:54]} {[%emt 00:01:06]} Ne4
{[%clk 00:06:56]} {[%emt 00:02:23]} 25. Nxe4 {[%clk 00:05:26]} {[%emt
00:00:58]} Rxe4 {[%clk 00:07:24]} {[%emt 00:00:02]} 26. Bc3 {[%clk 00:04:17]}
{[%emt 00:01:40]} g6 {[%clk 00:07:15]} {[%emt 00:00:38]} 27. Qh3 {[%clk
00:04:03]} {[%emt 00:00:44]} Qa6 {[%clk 00:06:42]} {[%emt 00:01:03]} 28. Qf1
{[%clk 00:03:41]} {[%emt 00:00:52]} Qe6 {[%clk 00:04:49]} {[%emt 00:02:22]} 29.
Bxa5 {[%clk 00:03:37]} {[%emt 00:00:36]} Rxe3 {[%clk 00:04:34]} {[%emt
00:00:44]} 30. Bd2 {[%clk 00:03:59]} {[%emt 00:00:07]} Re4 {[%clk 00:04:28]}
{[%emt 00:00:37]} 31. a5 {[%clk 00:03:41]} {[%emt 00:00:48]} Bf6 {[%clk
00:03:37]} {[%emt 00:01:21]} 32. Qd3 {[%clk 00:02:35]} {[%emt 00:01:35]} Qf5
{[%clk 00:02:51]} {[%emt 00:01:17]} 33. Rxe4 {[%clk 00:02:08]} {[%emt
00:00:57]} dxe4 {[%clk 00:03:03]} {[%emt 00:00:19]} 34. Qc2 {[%clk 00:02:25]}
{[%emt 00:00:12]} Bd4+ {[%clk 00:03:25]} {[%emt 00:00:07]} 35. Kh1 {[%clk
00:02:02]} {[%emt 00:00:54]} Qd5 {[%clk 00:03:44]} {[%emt 00:00:11]} 36. Be1
{[%clk 00:02:02]} {[%emt 00:00:30]} e3+ {[%clk 00:02:52]} {[%emt 00:01:22]} 37.
Kg1 {[%clk 00:01:24]} {[%emt 00:01:09]} Qf3 {[%emt 00:02:49]} 38. Qg2 {[%clk
00:00:48]} e2+ {[%clk 00:01:41]} {[%emt 00:00:27]} 39. Bf2 {[%clk 00:00:55]}
{[%emt 00:00:23]} Qd3 {[%clk 00:01:13]} {[%emt 00:00:57]} 40. Re1 {[%clk
00:00:50]} {[%emt 00:00:35]} Bc3 {[%clk 00:01:23]} {[%emt 00:00:21]} 0-1

[Event "European Chess Club Cup 2023"]
[Site "Durres, Albania"]
[Date "2023.10.05"]
[Round "5.78"]
[White "Andonovski, Ljubisa"]
[Black "Pobor, Milo"]
[Result "1/2-1/2"]
[TimeControl "90' + 30' & 30\""]
[WhiteElo "2268"]
[BlackElo "2208"]

1. d4 {[%clk 01:30:51]} {[%emt 00:00:08]} Nf6 {[%clk 01:30:55]} {[%emt
00:00:05]} 2. Nf3 {[%clk 01:31:13]} {[%emt 00:00:08]} d5 {[%clk 01:31:20]}
{[%emt 00:00:05]} 3. c4 {[%clk 01:31:21]} {[%emt 00:00:22]} e6 {[%clk
01:31:43]} {[%emt 00:00:07]} 4. g3 {[%clk 01:31:30]} {[%emt 00:00:20]} Be7
{[%clk 01:31:59]} {[%emt 00:00:14]} 5. Bg2 {[%clk 01:31:31]} {[%emt 00:00:30]}
O-O {[%clk 01:32:13]} {[%emt 00:00:17]} 6. O-O {[%clk 01:31:36]} {[%emt
00:00:23]} dxc4 {[%clk 01:32:33]} {[%emt 00:00:11]} 7. Qc2 {[%clk 01:31:44]}
{[%emt 00:00:22]} a6 {[%clk 01:32:53]} {[%emt 00:00:11]} 8. a4 {[%clk
01:31:15]} {[%emt 00:00:58]} Bd7 {[%clk 01:31:22]} {[%emt 00:02:01]} 9. Qxc4
{[%clk 01:30:19]} {[%emt 00:01:25]} Bc6 {[%clk 01:30:52]} {[%emt 00:01:01]} 10.
Bg5 {[%clk 01:29:18]} {[%emt 00:01:31]} Bd5 {[%clk 01:29:34]} {[%emt 00:01:47]}
11. Qc2 {[%clk 01:19:29]} {[%emt 00:10:19]} Be4 {[%clk 01:27:58]} {[%emt
00:02:08]} 12. Qc1 {[%clk 01:15:52]} {[%emt 00:04:06]} h6 {[%clk 01:27:51]}
{[%emt 00:00:38]} 13. Bf4 {[%clk 01:13:45]} {[%emt 00:02:37]} Nc6 {[%clk
01:18:39]} {[%emt 00:09:41]} 14. Nbd2 {[%clk 01:03:53]} {[%emt 00:10:21]} Nxd4
{[%clk 01:06:07]} {[%emt 00:13:03]} 15. Nxd4 {[%clk 01:04:00]} {[%emt
00:00:23]} Bxg2 {[%clk 01:06:32]} {[%emt 00:00:05]} 16. Nxe6 {[%clk 01:00:40]}
{[%emt 00:03:49]} fxe6 {[%clk 01:06:50]} {[%emt 00:00:13]} 17. Kxg2 {[%clk
01:01:05]} {[%emt 00:00:05]} Nd5 {[%clk 01:07:09]} {[%emt 00:00:10]} 18. Nf3
{[%clk 00:56:09]} {[%emt 00:05:26]} Nxf4+ {[%clk 01:03:43]} {[%emt 00:03:58]}
19. gxf4 {[%clk 00:54:42]} {[%emt 00:01:56]} Bd6 {[%clk 01:03:06]} {[%emt
00:01:07]} 20. e3 {[%clk 00:53:56]} {[%emt 00:01:15]} Qf6 {[%clk 01:02:15]}
{[%emt 00:01:22]} 21. Qc4 {[%clk 00:45:25]} {[%emt 00:09:01]} Kh8 {[%clk
00:48:56]} {[%emt 00:13:50]} 22. Qe4 {[%clk 00:43:13]} {[%emt 00:02:40]} Rae8
{[%clk 00:46:10]} {[%emt 00:03:17]} 23. Ne5 {[%clk 00:42:09]} {[%emt 00:01:34]}
Bxe5 {[%clk 00:46:31]} {[%emt 00:00:09]} 24. fxe5 {[%clk 00:41:27]} {[%emt
00:01:12]} Qe7 {[%clk 00:42:43]} {[%emt 00:04:18]} 25. f4 {[%clk 00:39:51]}
{[%emt 00:02:06]} c6 {[%clk 00:41:27]} {[%emt 00:01:46]} 26. Rad1 {[%clk
00:33:35]} {[%emt 00:06:46]} Rd8 {[%clk 00:41:04]} {[%emt 00:00:53]} 27. b4
{[%clk 00:11:30]} {[%emt 00:22:35]} Rd5 {[%clk 00:36:43]} {[%emt 00:04:52]} 28.
Rxd5 {[%clk 00:11:25]} {[%emt 00:00:34]} cxd5 {[%clk 00:37:06]} {[%emt
00:00:07]} 29. Qb1 {[%clk 00:05:33]} {[%emt 00:06:21]} Rc8 {[%clk 00:19:03]}
{[%emt 00:18:35]} 30. Rc1 {[%clk 00:05:03]} {[%emt 00:00:58]} Qd7 {[%clk
00:18:37]} {[%emt 00:00:57]} 31. Rxc8+ {[%clk 00:04:26]} {[%emt 00:01:07]} Qxc8
{[%clk 00:19:04]} {[%emt 00:00:04]} 32. Qg6 {[%clk 00:04:38]} {[%emt 00:00:17]}
Qc3 {[%clk 00:18:42]} {[%emt 00:00:51]} 33. Qxe6 {[%clk 00:04:10]} {[%emt
00:00:59]} Qd2+ {[%clk 00:18:26]} {[%emt 00:00:46]} 34. Kf3 {[%clk 00:04:02]}
{[%emt 00:00:37]} Qd1+ {[%clk 00:17:20]} {[%emt 00:01:37]} 35. Kf2 {[%clk
00:04:10]} {[%emt 00:00:22]} Qd2+ {[%clk 00:17:39]} {[%emt 00:00:11]} 36. Kf3
{[%clk 00:04:31]} {[%emt 00:00:09]} Qd1+ {[%clk 00:17:56]} {[%emt 00:00:12]}
1/2-1/2